[Event "Antwerp op"]
[Site "Antwerp"]
[Date "1995.??.??"]
[Round "5"]
[White "Claesen, Pieter"]
[Black "Kortschnoj, Viktor Lvovich"]
[Result "0-1"]
[WhiteElo "2390"]
[BlackElo "2635"]
[PlyCount "68"]
[EventDate "1995.08.??"]
[EventType "swiss"]
[EventRounds "9"]
[EventCountry "BEL"]
[SourceTitle "EXT 1997"]
[Source "ChessBase"]
[SourceDate "1996.11.15"]
[SourceVersion "1"]
[SourceVersionDate "1996.11.15"]
[SourceQuality "1"]

1. c4 e6 2. Nc3 d5 3. cxd5 exd5 4. d4 c6 5. Nf3 Bf5 6. Bf4 Qb6 7. Na4 Qa5+ 8.
Bd2 Qc7 9. b4 Nf6 10. e3 Ne4 11. b5 Ba3 12. Qb3 Qe7 13. bxc6 bxc6 14. Bd3 Nd7
15. Rb1 a5 16. Qc2 O-O 17. O-O Bg4 18. Bc1 Bd6 19. Nd2 f5 20. Qxc6 Qe6 21. Bb5
Ndf6 22. Nb6 Rab8 23. f4 Bh5 24. Nxe4 Qxe4 25. Rb3 Qe6 26. Nc4 a4 27. Rb2 a3
28. Rb3 Rxb5 29. Rxb5 dxc4 30. Re5 Qd7 31. Qxc4+ Bf7 32. Qd3 Bxe5 33. fxe5 Ne4
34. Bxa3 Rc8 0-1

[Event "Wenzhou m"]
[Site "Wenzhou"]
[Date "1995.??.??"]
[Round "3"]
[White "Kortschnoj, Viktor Lvovich"]
[Black "Xie, Jun"]
[Result "1-0"]
[WhiteElo "2635"]
[BlackElo "2540"]
[PlyCount "79"]
[EventDate "1995.09.??"]
[EventType "match"]
[EventRounds "4"]
[EventCountry "CHN"]
[SourceTitle "CBM 049"]
[Source "ChessBase"]
[SourceDate "1995.12.01"]
[SourceVersion "1"]
[SourceVersionDate "1995.12.01"]
[SourceQuality "1"]

1. d4 Nf6 2. c4 g6 3. Nc3 Bg7 4. e4 d6 5. Be2 O-O 6. Nf3 e5 7. O-O Nc6 8. d5
Ne7 9. Ne1 Nd7 10. Be3 f5 11. f3 f4 12. Bf2 g5 13. a4 Ng6 14. a5 Rf7 15. b4 Bf8
16. c5 Nf6 17. c6 h5 18. Kh1 Rh7 19. cxb7 Bxb7 20. a6 Bc8 21. Nb5 g4 22. Nxa7
g3 23. Nc6 Qd7 24. Bg1 Ng4 25. fxg4 hxg4 26. Bxg4 Qxg4 27. Qxg4 Bxg4 28. Nf3
Bxf3 29. Rxf3 Nh4 30. a7 Bg7 31. Ra5 gxh2 32. Bf2 Nxf3 33. gxf3 Kf7 34. Rb5 Bf6
35. Rb7 Kg6 36. b5 Kh6 37. Rb8 Rh8 38. Rxh8+ Bxh8 39. Bh4 Rg8 40. Kxh2 1-0

[Event "Wenzhou m"]
[Site "Wenzhou"]
[Date "1995.??.??"]
[Round "4"]
[White "Xie, Jun"]
[Black "Kortschnoj, Viktor Lvovich"]
[Result "0-1"]
[WhiteElo "2540"]
[BlackElo "2635"]
[Annotator "Kortschnoj,V"]
[PlyCount "70"]
[EventDate "1995.09.??"]
[EventType "match"]
[EventRounds "4"]
[EventCountry "CHN"]
[SourceTitle "CBM 049"]
[Source "ChessBase"]
[SourceDate "1995.12.01"]
[SourceVersion "1"]
[SourceVersionDate "1995.12.01"]
[SourceQuality "1"]

1. e4 e6 2. d4 d5 3. Nd2 c5 4. Ngf3 Nf6 5. exd5 exd5 6. Bb5+ Bd7 7. Bxd7+ Nbxd7
8. O-O Be7 9. dxc5 Nxc5 10. Re1 $5 (10. Nd4) (10. Nb3) 10... O-O 11. Nf1 Re8
12. Be3 Nfe4 $6 (12... Qd7 $5) 13. c3 Rc8 14. Qc2 Qa5 15. Nd4 $1 (15. Bxc5 $5
Qxc5 16. Ne3 $14) 15... Qa4 16. Qe2 $14 Bf6 17. Nf5 Qd7 18. Qg4 h5 $1 (18... g6
19. Nh6+ Kg7 20. Qxd7 Nxd7 21. Ng4 Bd8 22. Rad1 $16) 19. Nh6+ (19. Qxh5 Re5 20.
g4 Nd3 21. Re2 g6 22. Nh6+ Kg7 23. Qh3 d4 24. cxd4 Nexf2 25. Rxf2 Rxe3 26. Nxe3
Nxf2 27. Kxf2 Bxd4) 19... Kf8 20. Qxh5 $6 (20. Qxd7 Nxd7 21. Nf5 g6 22. N5g3
$14) 20... gxh6 21. f3 Re5 22. Bxc5+ Kg8 23. Qxh6 Bg5 (23... Bg7 24. Qf4 Nxc5
25. Rxe5 Nd3 $17) (23... Bg7 24. Qxg7+ $1 Kxg7 25. Bd4 f6 26. Bxe5 fxe5 27.
fxe4 d4 28. Rad1 $13) 24. Qh3 Qxh3 25. gxh3 Rxc5 26. fxe4 dxe4 $44 27. Rad1 f5
28. Rd7 $6 (28. Ng3 Rc7 29. Rd6 Kf7 30. h4 Bxh4 31. Rh6 Bxg3 32. hxg3 Rd7 $15)
28... Rcd5 $1 29. Rxb7 f4 30. Rb4 $2 (30. c4 Rd4 31. Rb5 Rxb5 32. cxb5 Kf7 $15)
30... e3 $19 31. h4 (31. Kg2 e2 $19) 31... Bxh4 32. Re2 Rg5+ 33. Ng3 Bxg3 34.
hxg3 Rxg3+ 35. Rg2 Rd1+ 0-1

[Event "Wichern op 3rd"]
[Site "Hamburg"]
[Date "1995.??.??"]
[Round "3"]
[White "Kortschnoj, Viktor Lvovich"]
[Black "Cladouras, Panagiotis"]
[Result "1-0"]
[WhiteElo "2635"]
[BlackElo "2375"]
[PlyCount "95"]
[EventDate "1995.09.??"]
[EventType "swiss"]
[EventRounds "9"]
[EventCountry "GER"]
[SourceTitle "EXT 1997"]
[Source "ChessBase"]
[SourceDate "1996.11.15"]
[SourceVersion "1"]
[SourceVersionDate "1996.11.15"]
[SourceQuality "1"]

1. Nf3 Nf6 2. c4 e6 3. Nc3 Bb4 4. Qc2 O-O 5. a3 Bxc3 6. Qxc3 a5 7. b3 d6 8. d4
Ne4 9. Qc2 f5 10. g3 Nd7 11. Bg2 Ndf6 12. O-O h6 13. Bb2 a4 14. b4 b5 15. cxb5
Bd7 16. d5 Nxd5 17. Nd4 Ndf6 18. f3 Ng5 19. Rac1 Ra7 20. Nc6 Bxc6 21. bxc6 Ra8
22. Qc4 Qe7 23. b5 Nf7 24. Qb4 Rfb8 25. e4 fxe4 26. fxe4 e5 27. Rf5 g6 28. Rf2
Ng4 29. Re2 Qe6 30. Bc3 Qb3 31. Rb2 Qxb4 32. Rxb4 Ng5 33. Bd2 Ne6 34. h3 Nf6
35. Be3 Kg7 36. b6 cxb6 37. Bxb6 Ne8 38. h4 Ra6 39. Be3 Rxb4 40. axb4 a3 41. b5
Ra4 42. b6 a2 43. Ra1 Nd4 44. c7 Nxc7 45. bxc7 Rc4 46. Bxd4 exd4 47. Rxa2 Rxc7
48. Ra4 1-0

[Event "Horgen"]
[Site "Horgen"]
[Date "1995.10.23"]
[Round "3"]
[White "Short, Nigel D"]
[Black "Kortschnoj, Viktor Lvovich"]
[Result "0-1"]
[WhiteElo "2645"]
[BlackElo "2635"]
[Annotator "Boensch,U"]
[PlyCount "128"]
[EventDate "1995.10.??"]
[EventType "tourn"]
[EventRounds "11"]
[EventCountry "SUI"]
[EventCategory "17"]
[SourceTitle "CBM 050"]
[Source "ChessBase"]
[SourceDate "1996.02.01"]
[SourceVersion "1"]
[SourceVersionDate "1996.02.01"]
[SourceQuality "1"]

1. e4 c5 2. Nf3 d6 3. d4 cxd4 4. Nxd4 Nf6 5. Nc3 Nc6 6. Bc4 Bd7 (6... Qb6 7.
Nb3 e6 8. Bf4 Ne5 9. Be2 Bd7 (9... Be7 10. Be3 Qc7 11. f4 Nc4 12. Nb5 Qc6 13.
Bxc4 Qxc4 14. Qd3 Qc6 15. N3d4 Qd7 16. O-O-O a6 17. Nc3 b5 18. a3 Bb7 $10 {
Lastin,A-Lukin,A RUS-ch Elista (06) 1995 1-0 52 - CBM 50}) 10. O-O (10. a4 Be7
11. a5 Qc7 12. a6 O-O 13. O-O Rfb8 $15 {1/2 Kasparov,G-Kramnik,V Horgen CS (09)
1995 - CBM 50}) 10... Be7 11. a4 O-O 12. a5 Qc7 13. Qd4 Bc6 14. a6 b6 15. Qe3
Ng6 16. Bg3 e5 17. Rad1 Rad8 18. f4 exf4 19. Bxf4 Nxf4 20. Qxf4 $10 {Rublevsky,
S-Svidler,P Novosibirsk (07) 1995 1/2 25 - CBM 50}) 7. Bb3 (7. Nxc6 bxc6 8. O-O
e6 9. Qe2 Be7 10. b3 d5 11. Bd3 d4 12. Na4 c5 13. Nb2 Bc6 14. Nc4 Qc7 15. f4
Nd7 16. Bd2 Rc8 17. a4 O-O $10 {Hernandez,Gi-Kortschnoj,V Moscow olm (09)
MEX-SUI 1994 0-1 72 - CBM 45}) (7. Be3 Ng4 8. Nxc6 bxc6 9. O-O Nxe3 10. fxe3 e6
11. Qf3 Qf6 12. Qxf6 gxf6 13. Rxf6 Bg7 14. Rf2 Rb8 15. Nd1 Ke7 $44 {
Landenbergue,C-Kortschnoj,V Bern Training (1) 1992 0-1 27}) 7... g6 8. h3 $146
(8. f3 Nxd4 9. Qxd4 Bg7 10. Bg5 Qa5 11. Qd2 Rc8 12. O-O Be6 13. Bh6 Bxh6 14.
Qxh6 Qh5 15. Qxh5 Nxh5 $10 {Renet,O-Kortschnoj,V SUI-chT (03) 1995 1/2 26 -
EXP 49}) 8... Nxd4 9. Qxd4 Bg7 10. O-O O-O 11. Qd3 b5 $1 12. a3 (12. Nxb5 $6
Nxe4 13. Qxe4 Bxb5 14. Re1 e6 $15 {[%cal Gg7b2]}) 12... a5 13. Bg5 Rb8 14. Rfe1
a4 (14... b4 15. axb4 axb4 16. Nd5 Nxd5 17. exd5 Re8 18. Ra2 $14) 15. Ba2 b4
16. axb4 Rxb4 17. Bxf6 {Weiß hat keinen Vorteil aus der Eröffnung herausgeholt,
daher sucht er seine Chancen im Endspiel.} Bxf6 18. Nd5 Rxb2 19. Nxf6+ exf6 20.
Qxd6 Bb5 (20... Be6 21. Qxd8 Rxd8 22. Bxe6 fxe6 23. Rxa4 Rxc2 $10) 21. Qxd8
Rxd8 22. Reb1 Rxb1+ 23. Rxb1 Bc6 24. f3 Kf8 (24... Rd2 25. Rb8+ Kg7 26. Rc8 Bd7
(26... Rxc2 27. Bd5 a3 28. Rc7 Bxd5 29. Rxc2 a2 30. Rc1 Bb3 31. Ra1 $10) 27.
Rc7 $10) 25. Rb6 Rc8 26. Ra6 Be8 27. Rxf6 (27. c4 $2 Ke7 $1 (27... Rb8 28. c5
Rb2 29. Bd5 $10) 28. Ra7+ (28. Kf2 Rb8 $19) 28... Kd6 29. c5+ (29. Ra5 Rc5 $17)
29... Kxc5 30. Bxf7 Bxf7 31. Rxf7 Ra8 $19) 27... Rxc2 28. Bd5 g5 29. Ra6 h5 30.
Ra7 h4 31. Kh2 Rb2 32. Kg1 Rb6 33. Kf2 f6 34. f4 $6 (34. Ke3 Rb2 35. Ra6 $10)
34... Rb2+ 35. Kf3 gxf4 36. Rh7 a3 37. Ra7 $6 (37. Rh8+ $1 Ke7 38. Rxh4 Bc6 (
38... a2 $2 39. Rh7+ Kd6 40. Ra7 $16) (38... Kd6 $2 39. Rxf4 $16) 39. Rh7+ (39.
Bxc6 a2 40. Rh7+ Kd6 41. Ra7 Kxc6 42. h4 $10) 39... Kd6 40. Ra7 Bxd5 41. exd5
$10) 37... Bh5+ 38. Kxf4 Rf2+ 39. Ke3 Rxg2 40. Kd4 Rg3 41. Rh7 Bg6 42. Rxh4 Kg7
43. Bc4 Rg5 44. Rf4 Ra5 45. Rf2 Ra4 46. Kc3 Bxe4 47. Kb3 Ra8 48. Ra2 Rh8 49.
Rxa3 Rxh3+ 50. Kb4 {Obwohl Short einen P eingebüßt hat, ist das Endspiel remis.
Schlimstenfalls muß er seinen B geben.} Rh4 51. Rg3+ Kh6 52. Kc3 f5 53. Rg8 f4
54. Rh8+ Kg5 55. Rxh4 $4 (55. Rg8+ {und Weiß sollte keine Angst vor dem
Endspiel KRB gegen KR haben.}) 55... Kxh4 56. Be2 Kg3 57. Kd2 Bf3 {Mit einigen
sehenswerten Manövern wird der weiße B immer wieder von seinen
Verteidigungsdiagonalen abgelenkt.} 58. Bc4 Bg4 59. Bd5 Bh3 60. Be4 Bg2 61. Bd3
f3 62. Ke3 f2 63. Bc4 Bd5 64. Bf1 Bc6 (64... Bc6 65. Bc4 (65. Kd2 Kh2 66. Ke3
Kg1 67. Bd3 Bg2 68. Bb5 Bf1 69. Bd7 Ba6 70. Bh3 Bc8 $19) 65... Kg2 66. Bd3 Kg1
67. Bc4 Bg2 68. Bb5 Bf1 69. Bd7 Ba6 70. Bh3 Bc8 $19) 0-1

[Event "PCA/Intel-GP"]
[Site "Paris"]
[Date "1995.11.09"]
[Round "1.2"]
[White "Kortschnoj, Viktor Lvovich"]
[Black "Arbakov, Valentin"]
[Result "1-0"]
[WhiteElo "2635"]
[BlackElo "2455"]
[PlyCount "147"]
[EventDate "1995.11.??"]
[EventType "k.o. (rapid)"]
[EventRounds "4"]
[EventCountry "FRA"]
[SourceTitle "CBM 049 Extra"]
[Source "ChessBase"]
[SourceDate "1996.01.01"]
[SourceVersion "1"]
[SourceVersionDate "1996.01.01"]
[SourceQuality "1"]

1. d4 Nf6 2. c4 e6 3. Nc3 Bb4 4. e3 c5 5. Bd3 O-O 6. Nf3 d5 7. O-O dxc4 8. Bxc4
cxd4 9. exd4 Nbd7 10. Bg5 Be7 11. Qe2 Nb6 12. Bb3 Bd7 13. Ne5 Bc6 14. Rad1 Nbd5
15. Nxc6 bxc6 16. Na4 h6 17. Bd2 Bb4 18. Nc3 a5 19. Rc1 Qb6 20. Rfd1 Rfd8 21.
Qf3 Rac8 22. h3 Qa7 23. g4 Qe7 24. g5 hxg5 25. Bxg5 Nxc3 26. bxc3 Ba3 27. Rb1
c5 28. Kh1 cxd4 29. cxd4 Bb4 30. Rd3 e5 31. Rg1 Kf8 32. dxe5 Rxd3 33. Qxd3 Qxe5
34. Qe3 Qe4+ 35. Qxe4 Nxe4 36. Be3 Bd2 37. Bd4 g6 38. Rg4 Nd6 39. Rh4 Rc1+ 40.
Kg2 Nf5 41. Rh8+ Ke7 42. Bb6 g5 43. Kf3 Re1 44. Bd8+ Kd7 45. Bf6 Nh4+ 46. Kg4
Rg1+ 47. Kh5 Ng6 48. Rd8+ Kc7 49. Rxd2 Nf4+ 50. Kh6 Nxh3 51. Bxf7 g4 52. Be5+
Kc6 53. Bd5+ Kc5 54. Bg3 Rb1 55. Kh5 Rb4 56. Bg2 Nf4+ 57. Bxf4 Rxf4 58. Kg5 Ra4
59. Kh4 Kc4 60. Kg3 Kc3 61. Re2 Kd3 62. Re3+ Kd2 63. a3 Kc2 64. Be4+ Kb2 65.
Kxg4 Rd4 66. f4 Rd1 67. f5 Rg1+ 68. Rg3 Re1 69. Kf4 Rf1+ 70. Rf3 Rh1 71. f6 Rh8
72. f7 a4 73. Ke5 Rf8 74. Ke6 1-0

[Event "Bern Cup"]
[Site "Bern"]
[Date "1996.??.??"]
[Round "4"]
[White "Kortschnoj, Viktor Lvovich"]
[Black "Kengis, Edvins"]
[Result "1-0"]
[WhiteElo "2645"]
[BlackElo "2570"]
[PlyCount "143"]
[EventDate "1996.??.??"]
[EventType "swiss"]
[EventRounds "5"]
[EventCountry "SUI"]
[SourceTitle "CBM 051 Extra"]
[Source "ChessBase"]
[SourceDate "1996.05.01"]
[SourceVersion "1"]
[SourceVersionDate "1996.05.01"]
[SourceQuality "1"]

1. d4 Nf6 2. c4 e6 3. Nc3 Bb4 4. e3 b6 5. Nge2 Bb7 6. a3 Be7 7. d5 O-O 8. g3 b5
9. Nf4 bxc4 10. Bxc4 exd5 11. Ncxd5 c6 12. Nxf6+ Bxf6 13. O-O d5 14. Be2 a5 15.
Rb1 a4 16. b4 axb3 17. Rxb3 Ba6 18. Qc2 Bxe2 19. Nxe2 Qc8 20. Rd1 Nd7 21. e4
dxe4 22. Re1 Re8 23. Nf4 Bg5 24. Rxe4 Rxe4 25. Qxe4 Nf6 26. Qf3 Qg4 27. Qxg4
Nxg4 28. Rd3 Ne5 29. Rc3 h6 30. Kg2 Ra4 31. h4 Be7 32. Re3 Bd6 33. Nd3 Nxd3 34.
Rxd3 Be5 35. Be3 Bb2 36. Bc5 Rc4 37. Rb3 Rxc5 38. Rxb2 Ra5 39. Rb3 g5 40. hxg5
hxg5 41. Kf3 Ra4 42. Ke2 Kg7 43. Rc3 f6 44. Kd2 c5 45. Kc2 c4 46. Kd2 Kg6 47.
Ke3 Kf5 48. Kd4 Kg4 49. Kc5 Kh3 50. Kb5 Ra8 51. a4 Kg2 52. f4 Kh3 53. fxg5 fxg5
54. a5 g4 55. a6 Kh2 56. Ra3 Kh3 57. Kxc4 Rc8+ 58. Kb5 Rb8+ 59. Kc6 Rc8+ 60.
Kb7 Rh8 61. a7 Rh7+ 62. Kb6 Rh8 63. Kc6 Rf8 64. Rb3 Rf6+ 65. Kb5 Rf8 66. Ka5
Ra8 67. Ka6 Rf8 68. Rb8 Rf1 69. a8=Q Ra1+ 70. Kb5 Rxa8 71. Rxa8 Kxg3 72. Kc4
1-0

[Event "SUI-chT"]
[Site "Switzerland"]
[Date "1996.??.??"]
[Round "7"]
[White "Mantovani, Renzo"]
[Black "Kortschnoj, Viktor Lvovich"]
[Result "0-1"]
[WhiteElo "2360"]
[BlackElo "2635"]
[PlyCount "120"]
[EventDate "1996.??.??"]
[EventType "team-tourn"]
[EventRounds "9"]
[EventCountry "SUI"]
[SourceTitle "CBM 055 Extra"]
[Source "ChessBase"]
[SourceDate "1997.01.01"]
[SourceVersion "1"]
[SourceVersionDate "1997.01.01"]
[SourceQuality "1"]

1. d4 Nf6 2. Nf3 e6 3. Bg5 c5 4. e3 Be7 5. c3 cxd4 6. cxd4 Qa5+ 7. Nbd2 h6 8.
Bxf6 Bxf6 9. Bd3 Nc6 10. O-O d5 11. a3 Bd7 12. b4 Qb6 13. Nb3 O-O 14. Nc5 Rfd8
15. Rb1 Be8 16. Qe2 Qc7 17. Rfc1 Qe7 18. Nb3 Rac8 19. Rc2 Nb8 20. Rbc1 Rxc2 21.
Qxc2 Ba4 22. Nfd2 Nc6 23. Qc5 b6 24. Qxe7 Nxe7 25. Kf1 g5 26. Ke2 Kf8 27. Rc7
Rd7 28. Rxd7 Bxd7 29. g4 Ba4 30. h3 Nc8 31. Nc1 Nd6 32. Na2 e5 33. Nc3 Bc6 34.
Nb3 e4 35. Ba6 Be7 36. f3 exf3+ 37. Kxf3 Nc4 38. Nb1 Ke8 39. Ke2 Kd8 40. N3d2
b5 41. Nxc4 dxc4 42. Kf2 Kc7 43. Nc3 Kb6 44. Bxb5 Bxb5 45. Nd5+ Ka6 46. Nxe7 c3
47. Ke1 Be8 48. Nf5 Kb5 49. d5 Ka4 50. d6 Bb5 51. Kd1 Kxa3 52. Kc1 Kxb4 53.
Nxh6 a5 54. Nxf7 a4 55. d7 Bxd7 56. Ne5 a3 57. Nd3+ Kc4 58. Ne1 a2 59. Nc2 Ba4
60. Na1 Kd3 0-1

[Event "Cannes mT"]
[Site "Cannes"]
[Date "1996.??.??"]
[Round "2"]
[White "Kortschnoj, Viktor Lvovich"]
[Black "Fontaine, Robert"]
[Result "1-0"]
[WhiteElo "2645"]
[BlackElo "2300"]
[PlyCount "83"]
[EventDate "1996.02.??"]
[EventType "schev"]
[EventRounds "5"]
[EventCountry "FRA"]
[SourceTitle "CBM 051 Extra"]
[Source "ChessBase"]
[SourceDate "1996.05.01"]
[SourceVersion "1"]
[SourceVersionDate "1996.05.01"]
[SourceQuality "1"]

1. c4 e5 2. g3 Nc6 3. Bg2 Nf6 4. Nf3 g6 5. O-O Bg7 6. d4 exd4 7. Nxd4 O-O 8.
Nc3 Re8 9. e3 Nxd4 10. exd4 d6 11. Bf4 Rb8 12. c5 Nh5 13. Be3 dxc5 14. dxc5
Qxd1 15. Rfxd1 Bxc3 16. bxc3 b6 17. Bc6 Rf8 18. Bf3 Ng7 19. a4 Ne6 20. c6 a5
21. Be2 Ra8 22. Bb5 Ba6 23. Rd5 Bxb5 24. axb5 a4 25. Ra3 Rfd8 26. Rxd8+ Nxd8
27. Kf1 f5 28. Ke2 Ne6 29. f4 Ra5 30. c4 Kf7 31. Kd2 Ra8 32. Kc3 Nc5 33. Bxc5
bxc5 34. Kb2 h6 35. Rd3 Ke6 36. Ka3 g5 37. Rd7 gxf4 38. gxf4 Rc8 39. Kxa4 Kf6
40. b6 cxb6 41. Kb5 Ke6 42. Rd5 1-0

[Event "Cannes mT"]
[Site "Cannes"]
[Date "1996.??.??"]
[Round "8"]
[White "Kortschnoj, Viktor Lvovich"]
[Black "Relange, Eloi"]
[Result "1-0"]
[WhiteElo "2645"]
[BlackElo "2460"]
[PlyCount "79"]
[EventDate "1996.02.??"]
[EventType "schev"]
[EventRounds "5"]
[EventCountry "FRA"]
[SourceTitle "CBM 051 Extra"]
[Source "ChessBase"]
[SourceDate "1996.05.01"]
[SourceVersion "1"]
[SourceVersionDate "1996.05.01"]
[SourceQuality "1"]

1. c4 Nf6 2. Nc3 g6 3. e4 d6 4. d4 Bg7 5. Be2 O-O 6. Nf3 e5 7. O-O Nc6 8. d5
Ne7 9. Ne1 Ne8 10. Be3 f5 11. f3 f4 12. Bf2 h5 13. c5 g5 14. cxd6 Nxd6 15. Nd3
Ng6 16. a4 Rf7 17. a5 Bf6 18. Nc5 Nf8 19. Qb3 Qe8 20. a6 b6 21. Nb7 Be7 22. Nb5
Nxb5 23. Bxb5 Bd7 24. Bxd7 Qxd7 25. Qa4 g4 26. Qxd7 Nxd7 27. Rfc1 Nc5 28. Nxc5
Bxc5 29. Bxc5 bxc5 30. Rxc5 gxf3 31. gxf3 Rb8 32. Rac1 Rg7+ 33. Kh1 Rxb2 34.
Rxc7 Rb6 35. Rxg7+ Kxg7 36. Rc7+ Kf6 37. Rxa7 Kg5 38. Rg7+ Kh4 39. a7 Ra6 40.
Rh7 1-0

[Event "Cannes mT"]
[Site "Cannes"]
[Date "1996.??.??"]
[Round "9"]
[White "Lepelletier, Benoit"]
[Black "Kortschnoj, Viktor Lvovich"]
[Result "0-1"]
[WhiteElo "2470"]
[BlackElo "2645"]
[PlyCount "42"]
[EventDate "1996.02.??"]
[EventType "schev"]
[EventRounds "5"]
[EventCountry "FRA"]
[SourceTitle "CBM 051 Extra"]
[Source "ChessBase"]
[SourceDate "1996.05.01"]
[SourceVersion "1"]
[SourceVersionDate "1996.05.01"]
[SourceQuality "1"]

1. e4 c5 2. Nf3 d6 3. d4 cxd4 4. Nxd4 Nf6 5. Nc3 Nc6 6. Be3 e5 7. Nb3 Be6 8.
Be2 Be7 9. O-O O-O 10. Qd2 a5 11. a4 Nb4 12. Bf3 Rc8 13. Rfd1 Ng4 14. Bxg4 Bxg4
15. f3 Be6 16. Qf2 f5 17. Bb6 Qe8 18. Nxa5 fxe4 19. Nxe4 Rxc2 20. Rd2 Nd3 21.
Qe3 Qxa4 0-1

[Event "Zuerich/Bern m"]
[Site "Bern"]
[Date "1996.??.??"]
[Round "1"]
[White "Brunner, Lucas"]
[Black "Kortschnoj, Viktor Lvovich"]
[Result "0-1"]
[WhiteElo "2510"]
[BlackElo "2645"]
[PlyCount "120"]
[EventDate "1996.02.??"]
[EventType "match"]
[EventRounds "6"]
[EventCountry "SUI"]
[SourceTitle "CBM 052"]
[Source "ChessBase"]
[SourceDate "1996.06.01"]
[SourceVersion "1"]
[SourceVersionDate "1996.06.01"]
[SourceQuality "1"]

1. e4 c5 2. Nf3 d6 3. d4 cxd4 4. Nxd4 Nf6 5. Nc3 Nc6 6. Bc4 e6 7. Be3 Be7 8.
Bb3 Qa5 9. O-O O-O 10. Kh1 Nxd4 11. Qxd4 b5 12. a3 Ba6 13. f4 Ng4 14. Bg1 Qc7
15. Rf3 Kh8 16. Rg3 Nf6 17. f5 e5 18. Qd2 Bb7 19. Re1 Bc6 20. Rd3 a5 21. Nd5
Nxd5 22. Bxd5 Bxd5 23. Rxd5 b4 24. a4 Rfc8 25. Re2 Ra6 26. Qd3 Rc6 27. Qb5 Bd8
28. Rdd2 Bg5 29. Rd5 h6 30. Qxa5 Qxa5 31. Rxa5 Rxc2 32. Rxc2 Rxc2 33. g3 Rxb2
34. Rb5 Bd2 35. a5 Ra2 36. Bb6 b3 37. Rxb3 Bxa5 38. Bxa5 Rxa5 39. Rb6 Ra4 40.
Rxd6 Rxe4 41. Rd2 Kh7 42. Kg2 g6 43. fxg6+ Kxg6 44. Ra2 h5 45. h4 Rb4 46. Ra8
Rb2+ 47. Kf3 Kf5 48. Rh8 e4+ 49. Ke3 Rb3+ 50. Kf2 Kg4 51. Rg8+ Kh3 52. Rg5 Rf3+
53. Ke2 f6 54. Rg6 f5 55. Rg5 Kg2 56. Ke1 Rf2 57. Rg8 e3 58. Rg7 f4 59. gxf4+
Kf3 60. Re7 Ra2 0-1

[Event "Zuerich/Bern m"]
[Site "Bern"]
[Date "1996.??.??"]
[Round "2"]
[White "Kortschnoj, Viktor Lvovich"]
[Black "Brunner, Lucas"]
[Result "1-0"]
[WhiteElo "2645"]
[BlackElo "2510"]
[Annotator "Kortschnoj,V"]
[PlyCount "75"]
[EventDate "1996.02.??"]
[EventType "match"]
[EventRounds "6"]
[EventCountry "SUI"]
[SourceTitle "CBM 052"]
[Source "ChessBase"]
[SourceDate "1996.06.01"]
[SourceVersion "1"]
[SourceVersionDate "1996.06.01"]
[SourceQuality "1"]

1. c4 {Ftacnik} c5 2. Nf3 Nf6 3. Nc3 e6 4. g3 d5 5. cxd5 Nxd5 6. Bg2 Nc6 7. O-O
Be7 8. d4 O-O 9. e4 Nb6 10. dxc5 $5 Qxd1 $6 (10... Bxc5 $142 11. Qe2 e5 12. Rd1
Qf6 $1 13. Nd5 Nxd5 14. exd5 Nd4 15. Nxd4 Bxd4 $10 {Brunner}) 11. Rxd1 Bxc5 12.
Bf4 $5 (12. e5 Bb4 $1 $10 (12... Nc4 13. Na4 $16)) 12... f6 13. Rac1 e5 14. Nb5
(14. Nd5 Bd4 (14... Bxf2+ 15. Kxf2 exf4 16. gxf4 Bg4 $14) (14... exf4 {Ftacnik}
15. Rxc5 fxg3 16. hxg3 Bg4 17. Rd2 Rfd8 18. Nd4 Ne5 19. Rc7 Nxd5 20. exd5 Rac8
21. Rxb7 Rc1+ 22. Kh2 Bc8 23. Ne6 Bxb7 24. Nxd8 Ng4+ 25. Kh3 Bc8 26. Ne6 h5 27.
Bf3 {1-0 Loginov,V-Magerramov,E/Pavlodar/1987/ (61)}) 15. Be3 Bg4 16. Rd2 Bxe3
17. fxe3 $5 Rad8 18. Nh4 (18. Nxb6 axb6 19. Rd5 {/\ Rb5=/+}) 18... Rd7 19. Nf5
Nxd5 20. Rxd5 Rfd8 21. Rcc5 Kf8 $17 {Yermolinsky,A-Alburt,L/Philadelphia/1993/}
) 14... exf4 (14... Na4 15. b3 $16) (14... Bxf2+) 15. Rxc5 fxg3 16. hxg3 Bg4
17. Rd2 $146 (17. Rd6 Rad8 18. Nh2 $1 Bc8 $2 (18... Be2 $1 $10) 19. Nf1 $1 $14
Na4 $6 (19... a6) 20. Rc2 a6 21. Rxd8 Rxd8 22. Nc7 Nb4 23. Rc4 a5 24. Nd5 Be6 (
24... Nxb2 $5 25. Rxc8 Rxc8 26. Ne7+ Kf8 27. Nxc8 Nxa2 $132) 25. b3 $16 {
1-0 Yermolinsky,A-Hellers,F/Philadelphia/1992/ (29)}) 17... Rad8 (17... Rfd8
18. Nd6 Bxf3 19. Bxf3 Ne5 (19... Nc8 20. e5 $1 Nxe5 21. Bd5+ $36 Kf8 22. Nxb7
Rd7) 20. Bd1 Nc8 21. Rcd5 Rxd6 22. Rxd6 Nxd6 23. Rxd6 Kf8 24. f4 $36) 18. Nd6
$14 Bxf3 (18... Rd7 19. Nxb7 $16) 19. Bxf3 Rf7 $6 (19... Nc8 20. e5 Nxe5 (20...
fxe5 $2 21. Bd5+ Kh8 22. Nxb7 $16) 21. Bd5+ Kh8 22. Rxc8 Rxc8 23. Nxc8 Rxc8 24.
Bxb7 Rb8 (24... Rc1+ 25. Kg2 g6 26. b3 $16 {1-0 Sunye Neto,J-Bouaziz,S/Novi
Sad olm (09)/1990/ (44)}) 25. Bg2 $14) (19... Ne5 20. Bd1 Nc8 21. Rxe5 $1 Rxd6
(21... fxe5 22. Bb3+ Kh8 23. Nf7+ $18) 22. Bb3+ Kh8 23. Red5 $14) 20. Bg4 Re7 (
20... Rc7 $5) 21. f4 Kf8 (21... g6 22. Kf2) 22. a3 g6 23. Bh3 Rc7 (23... f5 $5
24. exf5 (24. e5 $14) 24... Red7 25. fxg6 Rxd6 26. Rxd6 Rxd6 27. gxh7 Rh6 28.
Bf5 $14) 24. Rcc2 $1 (24. e5 Nxe5 25. Rxc7 Nf3+ 26. Kg2 Nxd2 27. Nxb7 Re8 $14)
24... a6 25. Kg2 Ke7 26. e5 $1 $16 fxe5 27. fxe5 {Black suffers, since Nd6
supported by the bishop is much too strong.} Na8 (27... Nd7 28. Nxb7 $1 $16) (
27... Na4 28. Rf2 Rf8 29. Rxf8 Kxf8 30. Rf2+ Kg8 (30... Ke7 31. Rf7+ Kd8 32.
Rf8+ Ke7 33. Re8#) 31. Be6+) 28. Rf2 Nxe5 (28... Rf8 29. Rxf8 Kxf8 30. Rf2+ Kg8
31. Be6+ $18) 29. Rxc7+ (29. Nc8+ $18) 29... Nxc7 30. Nc8+ $18 Rxc8 (30... Ke8
31. Re2 Rd5 32. Nb6 Rc5 33. b4 $18 (33. Nd7 $18)) 31. Bxc8 b6 32. Rd2 a5 33. b3
h5 (33... Ne6 34. Rd5 Ng4 35. Bxe6 Kxe6 36. Rb5 $18) 34. Kf2 g5 (34... Ng4+ 35.
Bxg4 hxg4 36. Rd4 $18) 35. Ke3 a4 36. Ke4 Nf7 (36... Kf6 37. Rd6+ Ke7 38. Kxe5
$18) 37. Rd7+ Ke8 38. Rxc7 (38. Rxc7 Nd6+ 39. Kd5 axb3 40. Kxd6 b2 41. Be6 $18)
1-0